000 01147nam a2200265Ia 4500
003 OSt
005 20220930095114.0
006 a|||||r|||| 00| 0
007 ta
008 220926b |||||||| |||| 00| 0 hin d
024 _a71729
037 _cTheses
040 _aCRL
_cCRL
_bhin
041 _2hin
_ahin
100 _aबन्सोड़, विशाखानन्द, ले.
110 _aदिल्ली विश्वविद्यालय. कला संकाय. बौद्ध अध्ययन विभाग
245 0 _aपालि साहित्य में वर्णित यज्ञ परम्परा
_b एक मूल्यांकन
246 _aPāli sāhitya mean varṇit yagna paramparā: ek mūlyāankana
260 _c2020
300 _a214पृ0
_ap.
_ccm.
650 _aबौद्ध धर्म
700 _aदिल्ली विश्वविद्यालय. कला संकाय. बौद्ध अध्ययन विभाग
942 _cDIS
_2CC
999 _c888338
_d888338